|
|
|
|
| LEADER |
02053nam a2200421 a 4500 |
| 001 |
EBC3327345 |
| 003 |
MiAaPQ |
| 005 |
20200520144314.0 |
| 006 |
m o d | |
| 007 |
cr cn||||||||| |
| 008 |
101025s2011 inuad sb 001 0 eng d |
| 010 |
|
|
|z 2010044209
|
| 020 |
|
|
|z 9780865977594 (hardcover : alk. paper)
|
| 020 |
|
|
|z 9780865977600 (pbk. : alk. paper)
|
| 020 |
|
|
|a 9781614878957 (electronic bk.)
|
| 035 |
|
|
|a (MiAaPQ)EBC3327345
|
| 035 |
|
|
|a (Au-PeEL)EBL3327345
|
| 035 |
|
|
|a (CaPaEBR)ebr10701217
|
| 035 |
|
|
|a (CaONFJC)MIL495099
|
| 035 |
|
|
|a (OCoLC)929118718
|
| 040 |
|
|
|a MiAaPQ
|c MiAaPQ
|d MiAaPQ
|
| 050 |
|
4 |
|a HF5415
|b .K57 2011
|
| 082 |
0 |
4 |
|a 338.5/21
|2 22
|
| 100 |
1 |
|
|a Kirzner, Israel M.
|
| 245 |
1 |
0 |
|a Market theory and the price system
|h [electronic resource] /
|c Israel M. Kirzner ; edited and with an introduction by Peter J. Boettke and Frederic Sautet.
|
| 260 |
|
|
|a Indianapolis :
|b Liberty Fund,
|c c2011.
|
| 300 |
|
|
|a xviii, 352 p. :
|b ill.
|
| 490 |
0 |
|
|a The collected works of Israel M. Kirzner
|
| 504 |
|
|
|a Includes bibliographical references and index.
|
| 505 |
0 |
|
|a The nature and tasks of market theory -- The market : its structure and operation -- Efficiency, coordination, and the market economy -- Utility theory -- Consumer income allocation -- Market demand -- Market process in a pure exchange economy -- Production theory -- Costs and supply -- Partial market processes-the determination of product prices and factor prices -- The general market process -- Monopoly and competition in the general market -- The price system and the allocation of resources.
|
| 533 |
|
|
|a Electronic reproduction. Ann Arbor, MI : ProQuest, 2015. Available via World Wide Web. Access may be limited to ProQuest affiliated libraries.
|
| 650 |
|
0 |
|a Marketing.
|
| 650 |
|
0 |
|a Prices.
|
| 655 |
|
4 |
|a Electronic books.
|
| 700 |
1 |
|
|a Boettke, Peter J.
|
| 700 |
1 |
|
|a Sautet, Frederic E.
|
| 710 |
2 |
|
|a ProQuest (Firm)
|
| 856 |
4 |
0 |
|u https://ebookcentral.proquest.com/lib/matrademy/detail.action?docID=3327345
|z Click to View
|